Ulus gazetesi, CHP ve Kemalist ilkeler (Record no. 12543)

MARC details
000 -BAŞLIK
Sabit Uzunlukta Kontrol Alanı 00902na a2200289 4500
001 - KONTROL NUMARASI
Denetim Alanı 24603
003 - KONTROL NUMARASI IDENTIFIER
Denetim Alanı MIRAKIL
005 - SON İŞLEM TARİHİ VE ZAMANI
Denetim Alanı 20190109120944.0
008 - SABİT-BOY VERİ ELEMANLARI - GENEL BİLGİLER
Sabit Uzunlukta Kontrol Alanı 181217b tu 000 0
020 ## - ULUSLARARASI STANDART KİTAP NUMARASI
Uluslararası Standart Kitap Numarası 9756947284
041 ## - DİL KODU
Metin / Ses Parça Veya Ayrı Başlığın Dil Kodu tur
082 ## - DEWEY ONLU SINIFLANDIRMA NUMARASI
Sınıflandırma Numarası CHP 070.29561
Ürün Numarası K65u 1999
090 ## - SINIFLAMA NUMARASI
Sınıflama Numarası CHP 070.29561 K65u 1999
100 ## - ANA GİRİŞ - KİŞİSEL İSİM
Kişisel Ad Konyar, Hürriyet
245 ## - BAŞLIK TABLOSU
Başlık Ulus gazetesi, CHP ve Kemalist ilkeler
Sorumluluk Tablosu, Vb Hürriyet Konyar
260 ## - YAYIN, DAĞITIM, VB
Yayın, Dağıtım, Vb Yeri İstanbul
Yayıncı, Dağıtıcı, Vs Adı Bağlam Yayıncılık
Yayın, Dağıtım, Vb Tarihi 1999
Üretici Firma Kardeşler Matbaası
300 ## - FİZİKSEL TANIM
Kapsam 300 s.
Boyutlar 20 sm.
440 ## - SERİSİ TABLOSU / KATMA GİRİŞİ - BAŞLIK
Başlık Bağlam yayınları
Hacim / Ardışık Tanımı 136
490 ## - SERİSİ TABLOSU
Seri Beyanı İnceleme/araraştırma
Hacim / Ardışık Tanımı 83
504 ## - KAYNAKÇA VB NOT
Kaynakça Vb Notu Kaynakça ve dizin var.
610 ## - KONU KATMA GİRİŞ - TOPLANTI ADI
Giriş Elemanı Olarak Kurumsal Ad Veya Yargı Alanı Adı Cumhuriyet Halk Partisi (CHP)
Genel Alt Bölüm Tarih
650 ## - KONU KATMA GİRİŞ - TOPİKAL DÖNEM
Topikal Süreli Veya Coğrafi Ad Giriş Elemanı kemalizm
650 ## - KONU KATMA GİRİŞ - TOPİKAL DÖNEM
Topikal Süreli Veya Coğrafi Ad Giriş Elemanı Türk basını
Genel Alt Bölümü Ulus Gazetesi
Kronolojik Alt Bölümü Tarih
650 ## - KONU KATMA GİRİŞ - TOPİKAL DÖNEM
Topikal Süreli Veya Coğrafi Ad Giriş Elemanı Siyasal partiler
Genel Alt Bölümü Türkiye
Kronolojik Alt Bölümü Tarih
650 ## - KONU KATMA GİRİŞ - TOPİKAL DÖNEM
Topikal Süreli Veya Coğrafi Ad Giriş Elemanı Siyaset ve yönetim
Genel Alt Bölümü Türkiye
Kronolojik Alt Bölümü Tarih
942 ## - EKLENDİ GİRİŞ ELEMANLARI (KOHA)
Sınıflandırma Veya Raf Düzeni Kaynak Dewey Decimal Classification
Koha Öğesi Türü Books
999 ## - SİSTEM KONTROL NUMARALARI (KOHA)
Koha Biblionumber 12543
Koha Biblioitemnumber 12543
Holdings
Kalıcı Konum Mevcut Konum Edinme Tarihi Edinim Kaynak Toplam Check-Out'Lar Tam Çağrı Numarası Barkod Tarih Son Görülme İtibaren Geçerli Fiyatlar Koha Öğesi Türü
CHP Kütüphanesi CHP Kütüphanesi 01/09/2019 Bağış   CHP 070.29561 K65u 1999 018680 01/09/2019 01/09/2019 Books